书目信息 |
| 题名: |
傅山草书临习技法精解
|
|
| 作者: | 王红卫 编著 | |
| 分册: | ||
| 出版信息: | 郑州 中州古籍出版社 2020.6 |
|
| 页数: | 98页 | |
| 开本: | 34cm | |
| 丛书名: | 历代名家碑帖临习技法精解 | |
| 单 册: | ||
| 中图分类: | J292.112.6 , J292.113.4 | |
| 科图分类: | ||
| 主题词: | 草书--书法--中国--清代 | |
| 电子资源: | ||
| ISBN: | 978-7-5348-5783-6 | |
| 000 | 00990nam 2200277 45 | |
| 001 | 489802 | |
| 005 | 20140818163045.0 | |
| 010 | @a978-7-5348-5783-6@dCNY32.00 | |
| 099 | @aCAL 012017079453 | |
| 100 | @a20170515d2016 em y0chiy0110 ea | |
| 101 | 0 | @achi |
| 102 | @aCN@b410000 | |
| 105 | @ah z 000yy | |
| 106 | @ar | |
| 200 | 1 | @a傅山草书临习技法精解@Afu shan cao shu lin xi ji fa jing jie@f王红卫编著 |
| 210 | @a郑州@c中州古籍出版社@d2020.6 | |
| 215 | @a98页@c摹真@d34cm | |
| 225 | 2 | @a历代名家碑帖临习技法精解@Ali dai ming jia bei tie lin xi ji fa jing jie |
| 330 | @a本书以傅山的《贺毓青丈五十二得子诗卷》、《草书千字文》为范本,给初学者以技法指导,重点在于对所选的每个字的用笔、结构、用墨等方面的技法进行分析。 | |
| 461 | 0 | @12001 @a历代名家碑帖临习技法精解 |
| 606 | 0 | @a草书@x书法@y中国@z清代 |
| 690 | @aJ292.112.6@v5 | |
| 690 | @aJ292.113.4@v5 | |
| 701 | 0 | @a王红卫@Awang hong wei@4编著 |
| 801 | @aCN@b江苏凤凰@c20211018 | |
| 905 | @b1356432-5@dJ292.112.6@e727@f4 | |
| 傅山草书临习技法精解/王红卫编著.-郑州:中州古籍出版社,2020.6 |
| 98页:摹真;34cm.-(历代名家碑帖临习技法精解) |
| ISBN 978-7-5348-5783-6:CNY32.00 |
| 本书以傅山的《贺毓青丈五十二得子诗卷》、《草书千字文》为范本,给初学者以技法指导,重点在于对所选的每个字的用笔、结构、用墨等方面的技法进行分析。 |
| ● |
| 相关链接 |
|
|
|
|
正题名:傅山草书临习技法精解
索取号:J292.112.6/727
 
预约/预借
| 序号 | 登录号 | 条形码 | 馆藏地/架位号 | 状态 | 备注 |
| 1 | 1356428 | 213564285 | 第一样本阅览室/ [索取号:J292.112.6/727] | 在馆 | |
| 2 | 1356429 | 213564294 | 第一借阅区/ [索取号:J292.112.6/727] | 在馆 | |
| 3 | 1356430 | 213564301 | 第一借阅区/ [索取号:J292.112.6/727] | 在馆 | |
| 4 | 1356431 | 213564310 | 第一借阅区/ [索取号:J292.112.6/727] | 在馆 |